[Event "Cracovia 2008 op A"]
[Site "Krakow"]
[Date "2009.01.03"]
[Round "8.1"]
[White "Swiercz, Dariusz"]
[Black "Gajewski, Grzegorz"]
[Result "0-1"]
[WhiteElo "2478"]
[BlackElo "2577"]
[PlyCount "93"]
[EventDate "2008.??.??"]

1. d4 d5 2. Nf3 Nf6 3. c4 c6 4. e3 g6 5. Nc3 Bg7 6. Bd3 O-O 7. O-O Bg4 8. h3
Bxf3 9. Qxf3 e6 10. b3 Nbd7 11. Bb2 Re8 12. Rad1 Qe7 13. Qe2 Nb6 14. c5 Nbd7
15. f4 b6 16. b4 a5 17. a3 axb4 18. axb4 bxc5 19. bxc5 Nh5 20. Qf2 f5 21. Ra1
Nhf6 22. Qc2 Ne4 23. Nxe4 dxe4 24. Bc4 Nf6 25. Rxa8 Rxa8 26. Qb3 Nd5 27. Ra1
Rxa1+ 28. Bxa1 Qa7 29. Bb2 Bf6 30. Bxd5 exd5 31. g3 Bd8 32. Kf2 h5 33. h4 Kf7
34. Bc3 Ke6 35. Qb2 Kd7 36. Qa1 Qxa1 37. Bxa1 Ba5 38. Bb2 Kc7 39. Ke2 Kb7 40.
Bc1 Ka6 41. Bd2 Kb5 42. Bc1 Kc4 43. Bb2 Kb3 44. Bc1 Kc2 45. Ba3 Bd2 46. Bb2
Bxe3 47. Ke1 0-1

[Event "Cracovia 2008 op A"]
[Site "Krakow"]
[Date "2009.01.03"]
[Round "8.2"]
[White "Shishkin, Vadim"]
[Black "Hnydiuk, Aleksander"]
[Result "1-0"]
[WhiteElo "2502"]
[BlackElo "2403"]
[PlyCount "67"]
[EventDate "2008.??.??"]

1. d4 d5 2. c4 c6 3. Nf3 Nf6 4. Nc3 dxc4 5. a4 Bf5 6. Ne5 Nbd7 7. Nxc4 Nd5 8.
f3 e5 9. e4 Nxc3 10. bxc3 Be6 11. Rb1 Qc7 12. Be2 Rd8 13. O-O Be7 14. Be3 O-O
15. Qc2 f6 16. f4 Kh8 17. Rbd1 Bg8 18. Bc1 Nb6 19. Ne3 exf4 20. Nf5 g5 21. c4
Bb4 22. c5 Nc8 23. h4 Be6 24. hxg5 fxg5 25. d5 Bxf5 26. Qb2+ Kg8 27. Qxb4 Bg6
28. d6 Qd7 29. Qb3+ Kg7 30. Bb2+ Kh6 31. g4 f3 32. Bxf3 Rf4 33. Rd2 Bf7 34. Qd3
1-0

[Event "Cracovia 2008 op A"]
[Site "Krakow"]
[Date "2009.01.03"]
[Round "8.3"]
[White "Piorun, Kacper"]
[Black "Aliavdin, Nikolai"]
[Result "1-0"]
[WhiteElo "2472"]
[BlackElo "2343"]
[PlyCount "55"]
[EventDate "2008.??.??"]

1. e4 c5 2. Nf3 d6 3. d4 cxd4 4. Nxd4 Nf6 5. Nc3 a6 6. h3 e5 7. Nde2 h5 8. Bg5
Nbd7 9. Qd2 Be7 10. Ng3 g6 11. Be2 b5 12. h4 Bb7 13. O-O-O b4 14. Nd5 Bxd5 15.
exd5 a5 16. f4 exf4 17. Qxf4 Ne5 18. Rhf1 Nfg4 19. Bxg4 hxg4 20. Ne4 f5 21.
Bxe7 Qxe7 22. Nxd6+ Qxd6 23. Rfe1 Rxh4 24. Rxe5+ Kd7 25. Qd4 g3 26. Qxh4 Qxe5
27. Qh7+ Qe7 28. Qxg6 1-0

[Event "Cracovia 2008 op A"]
[Site "Krakow"]
[Date "2009.01.03"]
[Round "8.4"]
[White "Sharapov, Evgeny"]
[Black "Kalvaitis, Sigitas"]
[Result "0-1"]
[WhiteElo "2427"]
[BlackElo "2230"]
[PlyCount "106"]
[EventDate "2008.??.??"]

1. e4 e5 2. Nf3 Nf6 3. Nc3 Nc6 4. g3 d5 5. exd5 Nxd5 6. Bg2 Nxc3 7. bxc3 Bd6 8.
O-O O-O 9. d3 Bg4 10. h3 Bh5 11. Rb1 Rb8 12. g4 Bg6 13. Ng5 Be7 14. Ne4 f5 15.
gxf5 Bxf5 16. Be3 Qd7 17. Kh2 b6 18. Qd2 Rbe8 19. a4 Nd8 20. f4 exf4 21. Bxf4
Bxe4 22. Bxe4 Bd6 23. Kg2 Bxf4 24. Rxf4 Ne6 25. Rh4 h6 26. Rg4 Ng5 27. Rxg5
Rxe4 28. Rg3 Ref4 29. Re1 Qxa4 30. Re2 Qa1 31. Kh2 Rf1 32. Rgg2 Rh1+ 33. Kg3
Qf1 34. Ref2 Rxf2 35. Qxf2 Qxf2+ 36. Rxf2 Rg1+ 37. Kf4 a5 38. Re2 Kf7 39. Re4
Rh1 40. Kg4 Rc1 41. Rc4 c5 42. d4 Rg1+ 43. Kf4 Rg5 44. Ra4 Ke6 45. Ke4 Rh5 46.
Ra1 c4 47. Rh1 a4 48. Kf4 Ra5 49. Ra1 a3 50. Re1+ Kd6 51. Ra1 a2 52. Ke3 Kd5
53. Kd2 g5 0-1

[Event "Cracovia 2008 op A"]
[Site "Krakow"]
[Date "2009.01.03"]
[Round "8.5"]
[White "Malaniuk, Vladimir P"]
[Black "Motyka, Michal"]
[Result "0-1"]
[WhiteElo "2534"]
[BlackElo "2359"]
[PlyCount "80"]
[EventDate "2008.??.??"]

1. d4 c5 2. d5 d6 3. e4 g6 4. Be2 Bg7 5. Nf3 Nf6 6. Nc3 O-O 7. O-O e6 8. Bf4
exd5 9. exd5 h6 10. Nd2 Ne8 11. Nc4 g5 12. Be3 f5 13. f4 g4 14. Qd2 a6 15. a4
b6 16. Rab1 Nd7 17. b4 Qf6 18. Nd1 b5 19. axb5 axb5 20. Na5 c4 21. Nc6 Nc7 22.
Bd4 Qf7 23. Nc3 Nf6 24. Rfe1 Bd7 25. Bf1 Rfe8 26. g3 Nfxd5 27. Bxg7 Bxc6 28.
Nxd5 Qxd5 29. Qxd5+ Bxd5 30. Rxe8+ Rxe8 31. Bd4 Be4 32. Rc1 Ra8 33. Bg2 Bxg2
34. Kxg2 Nd5 35. Bf2 Kf7 36. h3 gxh3+ 37. Kxh3 Ra2 38. Be1 Ne3 39. Bd2 Nxc2 40.
g4 Nd4 0-1

[Event "Cracovia 2008 op A"]
[Site "Krakow"]
[Date "2009.01.03"]
[Round "8.6"]
[White "Nurkiewicz, Maciej"]
[Black "Bobula, Mateusz"]
[Result "1-0"]
[WhiteElo "2379"]
[BlackElo "2395"]
[PlyCount "81"]
[EventDate "2008.??.??"]

1. d4 d5 2. c4 e6 3. Nf3 Nf6 4. Nc3 Be7 5. Bg5 O-O 6. e3 h6 7. Bh4 b6 8. cxd5
Nxd5 9. Bxe7 Qxe7 10. Nxd5 exd5 11. Bd3 c5 12. dxc5 bxc5 13. O-O Be6 14. Rc1
Nd7 15. Rc3 a5 16. Qc2 Rfb8 17. Rc1 Rb4 18. Be2 a4 19. b3 d4 20. exd4 cxd4 21.
Qe4 Rd8 22. Rc7 Nf6 23. Qe5 Qf8 24. Bc4 Bxc4 25. R7xc4 axb3 26. axb3 Rxc4 27.
bxc4 Qa3 28. Rd1 Qb3 29. Rc1 Qb2 30. Rf1 Qc3 31. Qc7 Rd7 32. Qc8+ Kh7 33. Ne5
Re7 34. Qf5+ Kg8 35. h3 Qa5 36. Nc6 Qc7 37. Nxe7+ Qxe7 38. Rd1 g6 39. Qf4 Kg7
40. Qxd4 h5 41. c5 1-0

[Event "Cracovia 2008 op A"]
[Site "Krakow"]
[Date "2009.01.03"]
[Round "8.7"]
[White "Paterek, Michal"]
[Black "Bulski, Krzysztof"]
[Result "1/2-1/2"]
[WhiteElo "2235"]
[BlackElo "2392"]
[PlyCount "113"]
[EventDate "2008.??.??"]

1. d4 Nf6 2. c4 e6 3. Nf3 c5 4. d5 b5 5. Bg5 exd5 6. cxd5 d6 7. e4 a6 8. Bd3
Be7 9. O-O Nxd5 10. Bxb5+ axb5 11. Qxd5 Ra6 12. Bxe7 Qxe7 13. Qd3 b4 14. Nbd2
O-O 15. Nc4 Bb7 16. Rfe1 Rd8 17. Re2 Nd7 18. Rd1 Nf8 19. b3 Ne6 20. Qe3 d5 21.
exd5 Rxd5 22. Red2 Rxd2 23. Rxd2 h6 24. h3 Ra8 25. Nce5 Rd8 26. Rxd8+ Qxd8 27.
Nd3 Qd6 28. Nfe5 Nd4 29. f3 Ne6 30. Nc4 Qd5 31. Kf2 g5 32. Nde5 Nf4 33. Kg3 Qd1
34. Ng4 Kh7 35. Qe7 Bd5 36. Nf6+ Kg6 37. Ne5+ Kg7 38. Ne8+ Kg8 39. Nf6+ Kg7 40.
Ne8+ Kg8 41. Ng4 Ne2+ 42. Kf2 Qg1+ 43. Kxe2 Qxg2+ 44. Ke1 Qg1+ 45. Kd2 Qg2+ 46.
Qe2 Bxf3 47. Qxg2 Bxg2 48. Nf2 Bf1 49. Nf6+ Kg7 50. Nh5+ Kg6 51. Ng3 Ba6 52.
Nd3 Bc8 53. h4 gxh4 54. Nf1 Bf5 55. Nh2 h3 56. Ke3 Kg5 57. Nxc5 1/2-1/2

[Event "Cracovia 2008 op A"]
[Site "Krakow"]
[Date "2009.01.03"]
[Round "8.8"]
[White "Klekowski, Maciej"]
[Black "Czerwonski, Aleksander"]
[Result "0-1"]
[WhiteElo "2201"]
[BlackElo "2391"]
[PlyCount "72"]
[EventDate "2008.??.??"]

1. c4 g6 2. Nc3 Bg7 3. g3 e5 4. Bg2 Ne7 5. d3 c5 6. e4 Nbc6 7. f4 d6 8. Nf3 O-O
9. O-O a6 10. Be3 Nd4 11. Qd2 Rb8 12. Nd5 b5 13. Rab1 bxc4 14. dxc4 Nxd5 15.
cxd5 f5 16. fxe5 Nxf3+ 17. Bxf3 Bxe5 18. b3 fxe4 19. Bxe4 Bh3 20. Bg2 Bf5 21.
Rbc1 Qd7 22. Rc4 Rbe8 23. Bf2 Rf7 24. Be3 Rfe7 25. Bf2 Bf6 26. Bf3 Bh3 27. Rd1
Kg7 28. Re1 Rxe1+ 29. Bxe1 Qf5 30. Rf4 Qb1 31. Bd1 Bd4+ 32. Bf2 Re3 33. Rxd4
cxd4 34. Qc2 Qxc2 35. Bxc2 Re2 36. Bd3 Rd2 0-1

[Event "Cracovia 2008 op A"]
[Site "Krakow"]
[Date "2009.01.03"]
[Round "8.9"]
[White "Orzech, Dominik"]
[Black "Smola, Michal"]
[Result "1-0"]
[WhiteElo "2462"]
[BlackElo "2204"]
[PlyCount "65"]
[EventDate "2008.??.??"]

1. d4 Nf6 2. Nf3 g6 3. c4 Bg7 4. g3 O-O 5. Bg2 d6 6. O-O Nbd7 7. Qc2 e5 8. Rd1
Re8 9. Nc3 c6 10. e4 a5 11. h3 Qc7 12. Be3 exd4 13. Nxd4 Nc5 14. Nb3 Nfd7 15.
Rd2 Ne5 16. Nxc5 dxc5 17. b3 b6 18. f4 Nd7 19. Rad1 Nf8 20. e5 Bf5 21. Qc1 Rad8
22. g4 Rxd2 23. Qxd2 Bd7 24. Ne4 Rd8 25. Nf6+ Kh8 26. Qd6 Qxd6 27. Rxd6 Bxf6
28. Rxf6 h5 29. gxh5 Be6 30. hxg6 fxg6 31. h4 Kg8 32. h5 gxh5 33. f5 1-0

[Event "Cracovia 2008 op A"]
[Site "Krakow"]
[Date "2009.01.03"]
[Round "8.11"]
[White "Lubczynski, Rafal"]
[Black "Miroslaw, Michal"]
[Result "1/2-1/2"]
[WhiteElo "2423"]
[BlackElo "2323"]
[PlyCount "86"]
[EventDate "2008.??.??"]

1. Nf3 d5 2. c4 dxc4 3. Qa4+ Nd7 4. g3 a6 5. Qxc4 c5 6. Bg2 b5 7. Qc2 Bb7 8.
O-O Ngf6 9. d3 e6 10. b3 Bd6 11. Bb2 Qc7 12. a4 O-O 13. Nc3 Qb6 14. e4 e5 15.
Nh4 g6 16. Kh1 Rac8 17. axb5 axb5 18. Qe2 Ba6 19. Nd1 c4 20. dxc4 bxc4 21. Ne3
Rc6 22. bxc4 Rfc8 23. Rfc1 Qc7 24. Qd1 Bf8 25. Nd5 Qb8 26. Rcb1 Bxc4 27. Ba3
Nb6 28. Be7 Bg7 29. Qd2 Re6 30. Qb4 Nfd7 31. Ne3 Qc7 32. Nxc4 Qxc4 33. Bh3 Qxb4
34. Bxb4 Rec6 35. Rd1 R8c7 36. Bxd7 Rxd7 37. Rxd7 Nxd7 38. Ra8+ Bf8 39. Nf3 f6
40. Rd8 Rc4 41. Bd6 Rc6 42. Bb4 Rc4 43. Bd6 Rc6 1/2-1/2

[Event "Cracovia 2008 op A"]
[Site "Krakow"]
[Date "2009.01.03"]
[Round "8.12"]
[White "Roubalik, Jakub"]
[Black "Pedersen, Nicolai Vesterbaek"]
[Result "0-1"]
[WhiteElo "2216"]
[BlackElo "2417"]
[PlyCount "76"]
[EventDate "2008.??.??"]

1. d4 Nf6 2. c4 c5 3. d5 b5 4. cxb5 a6 5. b6 d6 6. Nc3 Nbd7 7. e4 g6 8. Nf3 Bg7
9. a4 Qxb6 10. a5 Qb4 11. Ra4 Qb7 12. Be2 O-O 13. O-O Ne8 14. Ra3 Rb8 15. Nd2
Qa7 16. Nc4 Rb4 17. Rb3 Qb7 18. Rxb4 Qxb4 19. f4 Nc7 20. Qd3 Qb7 21. Bf3 Nb5
22. Re1 Nd4 23. e5 Qc7 24. exd6 exd6 25. Ne4 Nb5 26. Bd2 Nf6 27. Nxf6+ Bxf6 28.
Be4 Nd4 29. b4 Bd7 30. Nb6 Bb5 31. Qh3 Re8 32. Bd3 Rxe1+ 33. Bxe1 cxb4 34. Bxb5
Nxb5 35. Qd3 Qc1 36. Kf2 Qxf4+ 37. Kg1 Bd4+ 38. Kh1 Qc1 0-1

[Event "Cracovia 2008 op A"]
[Site "Krakow"]
[Date "2009.01.03"]
[Round "8.13"]
[White "Brodowski, Piotr"]
[Black "Majdan, Joanna"]
[Result "1/2-1/2"]
[WhiteElo "2401"]
[BlackElo "2284"]
[PlyCount "56"]
[EventDate "2008.??.??"]

1. c4 g6 2. g3 Bg7 3. Bg2 d6 4. Nc3 Nf6 5. e4 c5 6. Nge2 Nc6 7. O-O O-O 8. d3
Ne8 9. Be3 Nd4 10. h3 Nc7 11. f4 Bd7 12. Qd2 Rb8 13. g4 a6 14. f5 b5 15. Nf4 e6
16. Kh1 Ne8 17. Rab1 b4 18. Nce2 b3 19. a3 Nc2 20. Bg1 Qg5 21. Qa5 gxf5 22.
exf5 exf5 23. gxf5 Bxf5 24. Qxa6 Kh8 25. Rf3 Be5 26. Qc6 Nf6 27. Rg3 Qh6 28.
Qf3 Rg8 1/2-1/2

[Event "Cracovia 2008 op A"]
[Site "Krakow"]
[Date "2009.01.03"]
[Round "8.14"]
[White "Zysko, Jan"]
[Black "Rudolf, Michal"]
[Result "1/2-1/2"]
[WhiteElo "2185"]
[BlackElo "2398"]
[PlyCount "88"]
[EventDate "2008.??.??"]

1. e4 e6 2. d4 d5 3. Nc3 Nf6 4. Bg5 dxe4 5. Nxe4 Be7 6. Bxf6 gxf6 7. Nf3 f5 8.
Ng3 c5 9. Qd2 cxd4 10. Nxd4 Nc6 11. Bb5 Bd7 12. O-O-O Qc7 13. Bxc6 bxc6 14.
Rhe1 Rg8 15. f4 Rd8 16. Kb1 c5 17. Nf3 Bc6 18. Qe3 Rxd1+ 19. Rxd1 Bd5 20. Rd2
c4 21. c3 Bc5 22. Qe2 Kf8 23. Ne5 Bd6 24. Qe1 Bxe5 25. fxe5 Qc5 26. Rd4 Rg4 27.
Qd2 Qb6 28. a3 Rxd4 29. cxd4 Qb3 30. Ne2 Bxg2 31. Nc3 Be4+ 32. Ka1 Ke8 33. Qg5
Qb6 34. Qg8+ Ke7 35. Qg5+ Kf8 36. Qh6+ Ke8 37. Qxh7 Qxd4 38. Qg8+ Ke7 39. Qg5+
Ke8 40. Qg8+ Ke7 41. Qg5+ Kd7 42. Qg7 Kc6 43. Qxf7 Qxe5 44. Qe8+ Kb7 1/2-1/2

[Event "Cracovia 2008 op A"]
[Site "Krakow"]
[Date "2009.01.03"]
[Round "8.15"]
[White "Marszalek, Maciej"]
[Black "Wiewiora, Eneasz"]
[Result "1-0"]
[WhiteElo "2383"]
[BlackElo "2044"]
[PlyCount "119"]
[EventDate "2008.??.??"]

1. d4 Nf6 2. Nf3 g6 3. g3 Bg7 4. Bg2 O-O 5. O-O d5 6. Bf4 Bf5 7. c4 dxc4 8. Na3
c3 9. bxc3 c5 10. Qb3 Be4 11. Rfd1 Nc6 12. Be5 Qc8 13. Rac1 Nxe5 14. Nxe5 Bxg2
15. Kxg2 e6 16. Nac4 b6 17. Nd6 Qc7 18. dxc5 bxc5 19. Ndc4 Rfd8 20. Nf3 Rxd1
21. Rxd1 Nd5 22. Rd3 Rb8 23. Qa3 Rd8 24. Kg1 f5 25. Ng5 Qe7 26. Nf3 Qc7 27. Qa6
Nb6 28. Nxb6 axb6 29. Qc4 Rxd3 30. exd3 Qe7 31. Qb5 Qd8 32. d4 cxd4 33. cxd4
Bxd4 34. Qc4 Bf6 35. Qxe6+ Kg7 36. Qc6 h6 37. a4 Kh7 38. Kg2 Kg7 39. Qb7+ Kg8
40. h4 f4 41. Qe4 g5 42. Qg6+ Bg7 43. hxg5 hxg5 44. Nxg5 Qd5+ 45. f3 fxg3 46.
Kxg3 Qe5+ 47. Kh3 Qd5 48. Kg4 Qd4+ 49. Qe4 Qxe4+ 50. fxe4 Bc3 51. Kf5 Kf8 52.
Ke6 Ke8 53. Nf7 Bb4 54. Ne5 Bc5 55. Nd7 Bd4 56. Kd6 Kd8 57. Kc6 Kc8 58. Nxb6+
Kb8 59. Nc4 Ba7 60. e5 1-0

[Event "Cracovia 2008 op A"]
[Site "Krakow"]
[Date "2009.01.03"]
[Round "8.16"]
[White "D`Costa, Lorin A R"]
[Black "Tyukhanov, Alexey"]
[Result "1-0"]
[WhiteElo "2411"]
[BlackElo "2227"]
[PlyCount "67"]
[EventDate "2008.??.??"]

1. Nf3 Nf6 2. c4 g6 3. Nc3 Bg7 4. g3 O-O 5. Bg2 d6 6. O-O c6 7. d3 Nbd7 8. Rb1
a5 9. a3 Qc7 10. Bd2 e5 11. e4 Nc5 12. b4 axb4 13. axb4 Ne6 14. Ne1 Nd4 15. f4
b5 16. cxb5 cxb5 17. h3 Bb7 18. Nf3 Nh5 19. Nxd4 exd4 20. Ne2 f5 21. g4 Nf6 22.
Ng3 fxe4 23. dxe4 Rfe8 24. Re1 Ra3 25. Rc1 Qd8 26. Kh2 Qa8 27. Rc7 Bxe4 28.
Nxe4 Nxe4 29. Rxe4 Rxe4 30. Qc2 Rxh3+ 31. Kxh3 Qa3+ 32. Kh2 Re2 33. Qc6 Qb3 34.
Qd7 1-0

[Event "Cracovia 2008 op A"]
[Site "Krakow"]
[Date "2009.01.03"]
[Round "8.17"]
[White "Veltkamp, Gerben"]
[Black "Brzeski, Maciej"]
[Result "0-1"]
[WhiteElo "2221"]
[BlackElo "2366"]
[PlyCount "66"]
[EventDate "2008.??.??"]

1. d4 Nf6 2. c4 c5 3. d5 b5 4. cxb5 a6 5. Nc3 axb5 6. e4 b4 7. Nb5 d6 8. Nf3 g6
9. Bc4 Bg7 10. O-O O-O 11. Re1 Nbd7 12. Bf1 Qb6 13. a4 bxa3 14. Rxa3 Rxa3 15.
bxa3 Ng4 16. Qe2 Ba6 17. Bg5 c4 18. Nbd4 Nc5 19. Qa2 Nd3 20. Bxd3 cxd3 21. h3
Bxd4 22. hxg4 Rc8 23. Rc1 Rxc1+ 24. Bxc1 Qc5 25. Qd2 Bxf2+ 26. Kh2 Qc2 27. Qf4
Qd1 28. Bb2 Qe2 29. Ng5 f6 30. Bxf6 Qe3 31. Be5 Bg3+ 32. Qxg3 Qxg3+ 33. Bxg3 d2
0-1

[Event "Cracovia 2008 op A"]
[Site "Krakow"]
[Date "2009.01.03"]
[Round "8.18"]
[White "Dragun, Kamil"]
[Black "Rutkowski, Maciej"]
[Result "1/2-1/2"]
[WhiteElo "2174"]
[BlackElo "2336"]
[PlyCount "76"]
[EventDate "2008.??.??"]

1. e4 c5 2. Nf3 Nc6 3. d4 cxd4 4. Nxd4 g6 5. c4 Nf6 6. Nc3 Nxd4 7. Qxd4 d6 8.
Be3 Bg7 9. Be2 O-O 10. Qd2 a5 11. O-O a4 12. Rac1 Qa5 13. f3 Be6 14. Nd5 Qxd2
15. Bxd2 Bxd5 16. cxd5 Nd7 17. Rc7 Nc5 18. Be3 Rfc8 19. Rxc8+ Rxc8 20. Rb1 Ra8
21. Kf1 Kf8 22. b3 Nxb3 23. Bd1 Na5 24. Rb4 Bc3 25. Rxa4 b5 26. Ra3 Bb4 27. Rd3
Nc4 28. Bb3 Nb2 29. Bh6+ Kg8 30. Re3 Bd2 31. Re2 Bxh6 32. Rxb2 Be3 33. Ke2 Bc5
34. Rc2 Kg7 35. f4 h6 36. Kf3 Rc8 37. g3 Rc7 38. h3 Rc8 1/2-1/2

[Event "Cracovia 2008 op A"]
[Site "Krakow"]
[Date "2009.01.03"]
[Round "8.20"]
[White "Nasuta, Grzegorz"]
[Black "Nguyen, Piotr"]
[Result "0-1"]
[WhiteElo "2081"]
[BlackElo "2327"]
[PlyCount "58"]
[EventDate "2008.??.??"]

1. e4 e6 2. d4 d5 3. Nc3 Bb4 4. Qd3 Ne7 5. Bd2 O-O 6. O-O-O a6 7. Nh3 Nd7 8. e5
c5 9. Ng5 Nf5 10. f4 cxd4 11. Ne2 Nc5 12. Qf3 Bxd2+ 13. Rxd2 h6 14. Nh3 Qa5 15.
Qa3 Qxa3 16. bxa3 Ne4 17. Rd3 Bd7 18. Nxd4 Nxd4 19. Rxd4 Rfc8 20. Kb2 Nc3 21.
Nf2 Na4+ 22. Kb1 Rc3 23. Ne4 dxe4 24. Rxd7 b5 25. Rd2 Rac8 26. g3 Rxa3 27. c4
bxc4 28. Bg2 e3 29. Rc2 e2 0-1

[Event "Cracovia 2008 op A"]
[Site "Krakow"]
[Date "2009.01.03"]
[Round "8.21"]
[White "Ashton, Adam G"]
[Black "Kielczewski, Krzysztof"]
[Result "1/2-1/2"]
[WhiteElo "2325"]
[BlackElo "2185"]
[PlyCount "42"]
[EventDate "2008.??.??"]

1. e4 e5 2. Nf3 Nc6 3. Bb5 Nf6 4. O-O Nxe4 5. Re1 Nd6 6. Nxe5 Nxe5 7. Rxe5+ Be7
8. Nc3 c6 9. Bd3 O-O 10. b3 Ne8 11. Qh5 g6 12. Qf3 d5 13. Bb2 Bf6 14. Re2 Nc7
15. Na4 Kg7 16. Rae1 Bxb2 17. Nxb2 Qf6 18. Qxf6+ Kxf6 19. c3 Bd7 20. f4 Rae8
21. Kf2 Bf5 1/2-1/2

[Event "Cracovia 2008 op A"]
[Site "Krakow"]
[Date "2009.01.03"]
[Round "8.22"]
[White "Baumann, Dariusz"]
[Black "Tokarski, Lukasz"]
[Result "1-0"]
[WhiteElo "2074"]
[BlackElo "2302"]
[PlyCount "119"]
[EventDate "2008.??.??"]

1. e4 c5 2. Nf3 d6 3. d4 Nf6 4. Nc3 cxd4 5. Nxd4 a6 6. Be3 e5 7. Nb3 Be6 8. f3
Be7 9. Qd2 h5 10. O-O-O Nbd7 11. Kb1 b5 12. Qf2 Rc8 13. Nd5 Nxd5 14. exd5 Bf5
15. Bd3 Bxd3 16. Rxd3 a5 17. g4 hxg4 18. fxg4 Rc4 19. Rf1 Rf8 20. Qg2 Nf6 21.
h3 Qc7 22. Rc1 Ne4 23. Nd2 Nxd2+ 24. Rxd2 b4 25. b3 Rc3 26. Rd3 Kd7 27. Bd2 Rc8
28. Bxc3 bxc3 29. Qe4 Qc5 30. Qa4+ Kd8 31. Ka1 Rb8 32. Rf1 Bf6 33. Qc6 Rc8 34.
Qa4 Ke7 35. Qe4 Bg5 36. Qf5 Bf4 37. Rdd1 g6 38. Qe4 Bg5 39. Qf3 Bf4 40. Qe4 Be3
41. h4 Rb8 42. Qf3 Bf4 43. Rd3 Rc8 44. h5 a4 45. Rb1 axb3 46. Rxb3 Bd2 47. hxg6
fxg6 48. g5 Bf4 49. Qg4 Ra8 50. Rdxc3 Qd4 51. Qe6+ Kf8 52. Qxd6+ Kg8 53. Rb8+
Rxb8 54. Qxb8+ Kg7 55. Qc7+ Kg8 56. Qc4 Qd1+ 57. Kb2 Qc1+ 58. Kb3 Qb1+ 59. Ka4
Bxg5 60. Qc8+ 1-0

[Event "Cracovia 2008 op A"]
[Site "Krakow"]
[Date "2009.01.03"]
[Round "8.23"]
[White "Krzyzanowski, Marcin"]
[Black "Obrusnik, Michal"]
[Result "1-0"]
[WhiteElo "2280"]
[BlackElo "2181"]
[PlyCount "77"]
[EventDate "2008.??.??"]

1. e4 c5 2. Nf3 Nc6 3. d4 cxd4 4. Nxd4 Nf6 5. Nc3 e5 6. Ndb5 d6 7. a4 a6 8. Na3
Bg4 9. f3 Be6 10. Bc4 Be7 11. Be3 O-O 12. O-O Rc8 13. Nd5 Bxd5 14. exd5 Nb8 15.
b4 Nh5 16. a5 Bg5 17. Bf2 f5 18. Bd3 Nf4 19. c4 Nd7 20. Ra2 Kh8 21. Re1 Qf6 22.
Bf1 Qg6 23. Kh1 e4 24. g3 Nh5 25. f4 Be7 26. Nc2 Nhf6 27. Ne3 Ng8 28. Rc2 Qh6
29. Qa1 Qh5 30. Be2 Qh6 31. Rd1 Qg6 32. Qc1 Qh6 33. Ng2 g5 34. c5 gxf4 35. Nxf4
Ne5 36. c6 bxc6 37. Bxa6 Nf3 38. Bg1 Rc7 39. Ne6 1-0

[Event "Cracovia 2008 op A"]
[Site "Krakow"]
[Date "2009.01.03"]
[Round "8.24"]
[White "Stoma, Pawel"]
[Black "Kopczyk, Daniel"]
[Result "1-0"]
[WhiteElo "2268"]
[BlackElo "2153"]
[PlyCount "103"]
[EventDate "2008.??.??"]

1. e4 c5 2. Nc3 d6 3. Nf3 Nf6 4. d4 cxd4 5. Nxd4 a6 6. a4 g6 7. g3 Bg7 8. Bg2
O-O 9. O-O Nc6 10. Nde2 Rb8 11. Nd5 b5 12. axb5 axb5 13. Bg5 Nd7 14. c3 h6 15.
Be3 Bb7 16. Re1 Nce5 17. Nd4 Nc5 18. b4 Ncd3 19. Re2 e6 20. f4 exd5 21. exd5
Nxb4 22. cxb4 Ng4 23. Kh1 Nxe3 24. Rxe3 Qb6 25. Rd3 Ra8 26. Rb1 Ra2 27. Nc6 Qf2
28. Qf3 Re8 29. Qxf2 Rxf2 30. Bf1 Bc8 31. Rbd1 Bg4 32. R3d2 Bxd1 33. Rxf2 Bb3
34. Rd2 Re3 35. Kg1 Bc4 36. Bxc4 bxc4 37. Rc2 c3 38. Kf2 Re8 39. b5 Re4 40. b6
Bd4+ 41. Nxd4 Rxd4 42. Rxc3 Rb4 43. Rc6 Kf8 44. Rxd6 Ke7 45. Rc6 Rb5 46. Rc7+
Kd6 47. Rxf7 Kxd5 48. Rf6 Rb2+ 49. Kf3 h5 50. Rxg6 Rb3+ 51. Kg2 Ke4 52. Kh3 1-0

[Event "Cracovia 2008 op A"]
[Site "Krakow"]
[Date "2009.01.03"]
[Round "8.25"]
[White "Duda, Jan-Krzysztof"]
[Black "Andersen, Lars Even"]
[Result "1/2-1/2"]
[WhiteElo "2013"]
[BlackElo "2262"]
[PlyCount "136"]
[EventDate "2008.??.??"]

1. e4 c6 2. d4 d5 3. Nc3 dxe4 4. Nxe4 Nd7 5. Nf3 Ngf6 6. Ng3 e6 7. Be2 Be7 8.
O-O O-O 9. c3 Qc7 10. Qc2 c5 11. dxc5 Nxc5 12. Bd2 b6 13. b4 Ncd7 14. Rac1 Bb7
15. c4 Rac8 16. Qb1 Rfd8 17. Bc3 Qf4 18. Bd2 Qb8 19. Rfd1 Nf8 20. Qb3 Ng6 21.
a3 h5 22. Bg5 Ne4 23. Nxe4 Bxe4 24. Qe3 Ba8 25. Bxe7 Nxe7 26. Qg5 Ng6 27. g3
Rxd1+ 28. Rxd1 h4 29. Nxh4 Ne5 30. f4 f6 31. Qh5 Qb7 32. fxe5 Qh1+ 33. Kf2
Qxh2+ 34. Ke3 Qxg3+ 35. Nf3 Bxf3 36. Qxf3 Qxe5+ 37. Qe4 Qg3+ 38. Bf3 Re8 39.
Qg4 Qe5+ 40. Kf2 Qb2+ 41. Be2 Qe5 42. Rd7 f5 43. Qd4 Qh2+ 44. Ke1 Qg3+ 45. Kd2
e5 46. Qd5+ Kh7 47. Qf7 Qg5+ 48. Kc3 Rc8 49. Qh5+ Qxh5 50. Bxh5 Kh6 51. Be2 g5
52. Re7 e4 53. Kd4 Rd8+ 54. Ke3 Kg6 55. Rxa7 Re8 56. c5 f4+ 57. Kf2 bxc5 58.
bxc5 f3 59. Bc4 Re5 60. c6 Rc5 61. Bf7+ Kf5 62. Kg3 Rxc6 63. Ra5+ Kf6 64. Bd5
Rc3 65. Bxe4 g4 66. Kxg4 f2 67. Bg2 Ke6 68. a4 Ra3 1/2-1/2

[Event "Cracovia 2008 op A"]
[Site "Krakow"]
[Date "2009.01.03"]
[Round "8.26"]
[White "Szwed, Jacek"]
[Black "Barski, Radoslaw"]
[Result "0-1"]
[WhiteElo "2258"]
[BlackElo "2143"]
[PlyCount "80"]
[EventDate "2008.??.??"]

1. e4 e5 2. Nf3 Nc6 3. Bc4 Nf6 4. d3 Be7 5. O-O O-O 6. Bb3 d6 7. c3 Kh8 8. Re1
Ng8 9. d4 f5 10. dxe5 fxe4 11. exd6 Bxd6 12. Ng5 Nf6 13. Ne6 Bxe6 14. Bxe6 Qe8
15. Bh3 Ne5 16. Qe2 Qg6 17. Rd1 Nfg4 18. Be3 Nf3+ 19. Kh1 Nfxh2 20. Nd2 Qh5 21.
Re1 Nf3 22. Nxe4 Qe5 23. Ng3 Nxe3 24. gxf3 Rae8 25. Qxe3 Qxe3 26. Rxe3 Rxe3 27.
fxe3 Rxf3 28. Rg1 Bxg3 29. Rf1 Rxf1+ 30. Bxf1 Bd6 31. Kg2 g6 32. Kf3 Kg7 33.
Bc4 Kf6 34. Bg8 h5 35. c4 g5 36. Ke2 g4 37. Bd5 c6 38. Be4 h4 39. Bg2 h3 40.
Bf1 Kg5 0-1

[Event "Cracovia 2008 op A"]
[Site "Krakow"]
[Date "2009.01.03"]
[Round "8.27"]
[White "Galyga, Zbigniew"]
[Black "Leniart, Arkadiusz"]
[Result "1/2-1/2"]
[WhiteElo "2204"]
[BlackElo "2368"]
[PlyCount "38"]
[EventDate "2008.??.??"]

1. d4 Nf6 2. c4 e6 3. g3 d5 4. Bg2 Nbd7 5. Nf3 dxc4 6. O-O Nb6 7. Nbd2 Bd7 8.
Ne5 Ba4 9. b3 Qxd4 10. Ndxc4 Qxa1 11. bxa4 Nxc4 12. Nxc4 Qc3 13. Bxb7 Rd8 14.
Bc6+ Nd7 15. Bb5 a6 16. Bb2 Qb4 17. Ba3 Qc3 18. Bb2 Qb4 19. Ba3 Qc3 1/2-1/2

[Event "Cracovia 2008 op A"]
[Site "Krakow"]
[Date "2009.01.03"]
[Round "8.28"]
[White "Muter, Donny"]
[Black "Gumula, Daniel"]
[Result "1/2-1/2"]
[WhiteElo "2190"]
[BlackElo "2351"]
[PlyCount "53"]
[EventDate "2008.??.??"]

1. d4 g6 2. Nf3 Bg7 3. e4 c6 4. Be2 d6 5. O-O Nf6 6. Nc3 O-O 7. a4 Bg4 8. Be3
Nbd7 9. Qd2 Re8 10. h3 Bxf3 11. Bxf3 Qc7 12. Rad1 a6 13. g4 Nf8 14. Bg2 e5 15.
f4 exd4 16. Bxd4 Ne6 17. Bf2 Rad8 18. Kh1 h6 19. f5 Nc5 20. Rfe1 Ncd7 21. Qxd6
Qxd6 22. Rxd6 Ne5 23. Rxd8 Rxd8 24. Rd1 Re8 25. fxg6 fxg6 26. Bf1 Bf8 27. Bd3
1/2-1/2

[Event "Cracovia 2008 op A"]
[Site "Krakow"]
[Date "2009.01.03"]
[Round "8.29"]
[White "Brokken, Dennis"]
[Black "Pazderski, Ziemowit"]
[Result "1-0"]
[WhiteElo "2306"]
[BlackElo "2209"]
[PlyCount "101"]
[EventDate "2008.??.??"]

1. d4 d5 2. c4 e6 3. cxd5 exd5 4. Nc3 c5 5. Nf3 Nc6 6. g3 Nf6 7. Bg2 Be7 8. O-O
O-O 9. Bg5 Be6 10. dxc5 Bxc5 11. Rc1 Be7 12. Nd4 Nxd4 13. Qxd4 Qa5 14. b4 Qb6
15. Qxb6 axb6 16. Bxf6 gxf6 17. Nxd5 Bxd5 18. Bxd5 Bxb4 19. Rc7 Rae8 20. e3 Re7
21. Rxe7 Bxe7 22. Bxb7 Rd8 23. Rb1 Bc5 24. Rb2 Rd6 25. Kg2 Ba3 26. Rc2 Bb4 27.
Rc4 Ba5 28. e4 Rd7 29. Bd5 Kg7 30. g4 Ra7 31. Rc6 h6 32. Kf3 Re7 33. Ke2 Kg6
34. f4 Kg7 35. Kd3 Ra7 36. h3 Re7 37. Kc4 Rd7 38. Kb5 Ra7 39. f5 Be1 40. Rxb6
Ra5+ 41. Kc6 Ra3 42. Bb3 Bc3 43. Rb7 h5 44. gxh5 Ba1 45. h4 Ra8 46. Bxf7 Kh6
47. Bg6 Rh8 48. a4 Bc3 49. Re7 Rc8+ 50. Kb7 Rh8 51. Re8 1-0